<?xml version="1.0" encoding="UTF-8"?>
<collection xmlns="http://www.loc.gov/MARC21/slim">
 <record>
  <leader>02221nam a2200457   4500</leader>
  <controlfield tag="001">1898325219</controlfield>
  <controlfield tag="003">DE-627</controlfield>
  <controlfield tag="005">20240809135019.0</controlfield>
  <controlfield tag="007">cr uuu---uuuuu</controlfield>
  <controlfield tag="008">240809s2020    sp |||||o     00| ||spa c</controlfield>
  <datafield tag="035" ind1=" " ind2=" ">
   <subfield code="a">(DE-627)1898325219</subfield>
  </datafield>
  <datafield tag="035" ind1=" " ind2=" ">
   <subfield code="a">(DE-599)KXP1898325219</subfield>
  </datafield>
  <datafield tag="035" ind1=" " ind2=" ">
   <subfield code="a">(OCoLC)1451663982</subfield>
  </datafield>
  <datafield tag="040" ind1=" " ind2=" ">
   <subfield code="a">DE-627</subfield>
   <subfield code="b">ger</subfield>
   <subfield code="c">DE-627</subfield>
   <subfield code="e">rda</subfield>
  </datafield>
  <datafield tag="041" ind1=" " ind2=" ">
   <subfield code="a">spa</subfield>
   <subfield code="a">eng</subfield>
  </datafield>
  <datafield tag="044" ind1=" " ind2=" ">
   <subfield code="c">XA-ES</subfield>
  </datafield>
  <datafield tag="084" ind1=" " ind2=" ">
   <subfield code="a">KUNST</subfield>
   <subfield code="q">DE-16</subfield>
   <subfield code="2">fid</subfield>
  </datafield>
  <datafield tag="245" ind1="1" ind2="3">
   <subfield code="a">El pórtico de la gloria</subfield>
   <subfield code="b">arquitectura, materia y visión = The portal of glory : architecture, matter, and vision</subfield>
   <subfield code="c">Francisco Prado-Vilar (ed.) ; autores de los textos: Francisco Prado-Vilar,  Erika Loic, Annette Münchmeyer, Bernardino Sperandio, Rodrigo de la Torre Martin-Romo, Lorena Bello-Gómez</subfield>
  </datafield>
  <datafield tag="246" ind1="3" ind2="1">
   <subfield code="a">The portal of glory</subfield>
   <subfield code="b">architecture, matter, and vision</subfield>
  </datafield>
  <datafield tag="250" ind1=" " ind2=" ">
   <subfield code="a">1a edición</subfield>
  </datafield>
  <datafield tag="264" ind1=" " ind2="1">
   <subfield code="a">Madrid</subfield>
   <subfield code="b">Fundacion General de la Universidad Complutense</subfield>
   <subfield code="c">Diciembre 2020</subfield>
  </datafield>
  <datafield tag="264" ind1=" " ind2="2">
   <subfield code="a">Paris</subfield>
   <subfield code="b">Calaméo</subfield>
  </datafield>
  <datafield tag="300" ind1=" " ind2=" ">
   <subfield code="a">1 Online-Ressource (282 Seiten)</subfield>
   <subfield code="b">Illustrationen</subfield>
  </datafield>
  <datafield tag="336" ind1=" " ind2=" ">
   <subfield code="a">Text</subfield>
   <subfield code="b">txt</subfield>
   <subfield code="2">rdacontent</subfield>
  </datafield>
  <datafield tag="337" ind1=" " ind2=" ">
   <subfield code="a">Computermedien</subfield>
   <subfield code="b">c</subfield>
   <subfield code="2">rdamedia</subfield>
  </datafield>
  <datafield tag="338" ind1=" " ind2=" ">
   <subfield code="a">Online-Ressource</subfield>
   <subfield code="b">cr</subfield>
   <subfield code="2">rdacarrier</subfield>
  </datafield>
  <datafield tag="500" ind1=" " ind2=" ">
   <subfield code="a">Gesehen am 09.08.2024</subfield>
  </datafield>
  <datafield tag="506" ind1="0" ind2=" ">
   <subfield code="a">Open Access</subfield>
   <subfield code="f">Unrestricted online access</subfield>
   <subfield code="2">star</subfield>
  </datafield>
  <datafield tag="700" ind1="1" ind2=" ">
   <subfield code="a">Prado-Vilar, Francisco</subfield>
   <subfield code="e">HerausgeberIn</subfield>
   <subfield code="e">VerfasserIn</subfield>
   <subfield code="0">(DE-588)1229451617</subfield>
   <subfield code="0">(DE-627)1751436268</subfield>
   <subfield code="4">edt</subfield>
   <subfield code="4">aut</subfield>
  </datafield>
  <datafield tag="700" ind1="1" ind2=" ">
   <subfield code="a">Loic, Erika</subfield>
   <subfield code="e">VerfasserIn</subfield>
   <subfield code="4">aut</subfield>
  </datafield>
  <datafield tag="700" ind1="1" ind2=" ">
   <subfield code="a">Münchmeyer, Annette</subfield>
   <subfield code="e">VerfasserIn</subfield>
   <subfield code="4">aut</subfield>
  </datafield>
  <datafield tag="700" ind1="1" ind2=" ">
   <subfield code="a">Sperandio, Bernardino</subfield>
   <subfield code="e">VerfasserIn</subfield>
   <subfield code="0">(DE-588)132809524</subfield>
   <subfield code="0">(DE-627)526984406</subfield>
   <subfield code="0">(DE-576)299428494</subfield>
   <subfield code="4">aut</subfield>
  </datafield>
  <datafield tag="700" ind1="1" ind2=" ">
   <subfield code="a">Torre Martín-Romo, Rodrigo de la</subfield>
   <subfield code="e">VerfasserIn</subfield>
   <subfield code="0">(DE-627)1249353459</subfield>
   <subfield code="0">(DE-576)179353454</subfield>
   <subfield code="4">aut</subfield>
  </datafield>
  <datafield tag="700" ind1="1" ind2=" ">
   <subfield code="a">Bello-Gómez, Lorena</subfield>
   <subfield code="e">VerfasserIn</subfield>
   <subfield code="4">aut</subfield>
  </datafield>
  <datafield tag="776" ind1="1" ind2=" ">
   <subfield code="z">9788412306309</subfield>
  </datafield>
  <datafield tag="787" ind1="0" ind2="8">
   <subfield code="i">Rezensiert in</subfield>
   <subfield code="a">Rüffer, Jens, 1964 - </subfield>
   <subfield code="t">[Rezension von: Francisco Prado-Vilar (ed.), El Pórtico de la Gloria, architectura, materia y visión]</subfield>
   <subfield code="d">2021</subfield>
   <subfield code="w">(DE-627)1794191224</subfield>
  </datafield>
  <datafield tag="856" ind1="4" ind2="0">
   <subfield code="u">https://www.calameo.com/books/0065520999d0108c2dc93</subfield>
   <subfield code="x">Verlag</subfield>
   <subfield code="z">kostenfrei</subfield>
   <subfield code="3">Volltext</subfield>
  </datafield>
  <datafield tag="951" ind1=" " ind2=" ">
   <subfield code="a">BO</subfield>
  </datafield>
  <datafield tag="994" ind1=" " ind2=" ">
   <subfield code="u">https://www.calameo.com/books/0065520999d0108c2dc93</subfield>
  </datafield>
  <datafield tag="991" ind1=" " ind2=" ">
   <subfield code="a">Rezensiertes Werk</subfield>
  </datafield>
  <datafield tag="999" ind1=" " ind2=" ">
   <subfield code="a">KXP-PPN1898325219</subfield>
   <subfield code="e">4564548662</subfield>
  </datafield>
 </record>
</collection>
